Central Library OPAC University of Rajshahi

Economic development in perspective / (Record no. 42437)

MARC details
000 -LEADER
fixed length control field 00687nam a2200229 a 4500
001 - CONTROL NUMBER
control field 42437
003 - CONTROL NUMBER IDENTIFIER
rucl marc code BD-RjUL
005 - DATE AND TIME OF LATEST TRANSACTION
control field 20211209053536.0
008 - FIXED-LENGTH DATA ELEMENTS--GENERAL INFORMATION
fixed length control field 160612s19631962mau 001 0 eng
035 ## - SYSTEM CONTROL NUMBER
System control number (BD-RjUL) 42555
System control number (OCoLC)587611
040 ## - CATALOGING SOURCE
Original cataloging agency DLC
Transcribing agency OAU
Modifying agency OCoLC
-- OrOnT
-- Uk
-- DLC
-- BD-RjUL
Language of cataloging eng
041 ## - LANGUAGE CODE
Language code of text/sound track or separate title eng
082 ## - DEWEY DECIMAL CLASSIFICATION NUMBER
Edition number 23
Classification number 330
Author mark and year GAE 1963
100 1# - MAIN ENTRY--PERSONAL NAME
Personal name Galbraith, John Kenneth,
Dates associated with a name 1908-2006.
9 (RLIN) 130350
245 10 - TITLE STATEMENT
Title Economic development in perspective /
Statement of responsibility, etc. John Kenneth Galbraith
260 ## - PUBLICATION, DISTRIBUTION, ETC. (IMPRINT)
Place of publication, distribution, etc. Cambridge :
Name of publisher, distributor, etc. Harvard University Press,
Date of publication, distribution, etc. 1962
300 ## - PHYSICAL DESCRIPTION
Pagination 76 p. ;
Size 21 cm.
500 ## - GENERAL NOTE
General note Includes index
650 #0 - SUBJECT ADDED ENTRY--TOPICAL TERM
Topical term or geographic name as entry element Economic development.
9 (RLIN) 130533
942 ## - ADDED ENTRY ELEMENTS (KOHA)
Source of classification or shelving scheme Dewey Decimal Classification
Koha item type Books
Holdings
Lost status Source of classification or shelving scheme Damaged status Not for loan Collection code Permanent Location Current Location Shelving location Date acquired Total Checkouts Full call number Date last seen Copy number Koha item type Source of acquisition Cost, normal purchase price
  Dewey Decimal Classification     Non-fiction Central Library, University of Rajshahi Central Library, University of Rajshahi   12/06/2016   330 GAE 1963 12/06/2016 C-2 Books    
  Dewey Decimal Classification     Non-fiction Central Library, University of Rajshahi Central Library, University of Rajshahi   05/06/1964   338.9 GAE 1963 15/06/2016 C-3 Books Zeitlinger 60.00
  Dewey Decimal Classification     Non-fiction Central Library, University of Rajshahi Central Library, University of Rajshahi   05/06/1964   338.9 GAE 1963 15/06/2016 C-4 Books Zeitlinger 60.00